000 00352nam a22001697a 4500
003 UA-OsUOA
001 1047
007 ta
008 20050721b un ||||| |||| 00| 0 ukr d
100 _aBorowsky
700 _aP.
942 _cBK
040 _aUA-OsUOA
_cUA-OsUOA
_dUA-OsUOA
245 _aDeutschland 1945-1969
_bGerman
955 _a2
650 7 _2UDC
999 _c287209
_d287209